000 00583nam a2200181Ia 4500
001 7844
005 20260306160525.0
008 260306t2009||||xx |||||||||||||| ||spa||
041 _aESP
082 _a362.8283
_bA176
100 _aAsociación Solaris Perú
_eAUT
245 0 _aFamilias saludables:
_bMetodología y estrategias para el fortalecimiento de capacidades de agentes comunitarios de salud para la práctica de comportamientos saludables en familias
260 _c2009
300 _a72 páginas :
_c26 cm.
650 _aGEN
654 _aCED
942 _cLIB
_dJUS
_fJUS
_2ddc
_n
999 _c7844
_d7844